000 00337nam a2200133 i 4500
001 bg
100 1 _aPRZASA, Benedykt
245 0 _aTechnologia grubowarstwowych kondensatorow rutylowych /
_cBenedykt Przasa.
260 _aRzeszow,
_c1980.
040 _cBPK
041 _apol
942 _cKS
008 s pl f |000 0 pol
999 _c19605
_d19605
856 _uhttp://koha.tu.koszalin.pl/cgi-bin/koha/opac-detail.pl?biblionumber=19605
_yKatalog online BPK